Friedman a monetarizmus

Z obsahu: Milton Friedman: "Iba vlády môžu vyvolať nadmerný menový rast, a teda infláciu". Svet neustále hľadá solídnu kotvu papierového menového systému. Západ je dnes podľa M. Friedmana socialistickejší ako pred 50 rokmi.

Na minha lista:
Detalhes bibliográficos
Autor principal: Suďa, P.
Formato: Capítulo de Livro
Idioma:eslovaco
Assuntos:
Tags: Adicionar Tag
Sem tags, seja o primeiro a adicionar uma tag!

MARC

LEADER 00000naa a2200000 4500
001 r026328
005 20230921080408.8
041 0 |a slo 
044 |a SK 
245 1 0 |a Friedman a monetarizmus  |c P. Suďa 
520 |a Z obsahu: Milton Friedman: "Iba vlády môžu vyvolať nadmerný menový rast, a teda infláciu". Svet neustále hľadá solídnu kotvu papierového menového systému. Západ je dnes podľa M. Friedmana socialistickejší ako pred 50 rokmi. 
610 2 0 |a Friedman, M. 
610 2 0 |a monetarizmus 
610 2 0 |a politika menová 
610 2 0 |a mena 
610 2 0 |a inflácia 
610 2 0 |a peniaze 
100 1 |a Suďa, P.